000 00875nam a2200253 i 4500
001 185828
003 SpMaBN
005 20250316204112.0
008 160812s1984 sp |||| | spa d
020 _a84-01-42137-3
080 _a821.112.2-32"19"
100 0 _aMann, Thomas,
_d1875-1955
_976055
245 1 0 _aSeñor y perro
_b; Tonio Kröger /
_cThomas Mann, Premio Nobel 1929 ; [traducciones de F. Payarols y F. Oliver Brachfeld].
250 _a1ª ed.
260 _aEsplugues de Llobregat, Barcelona :
_bPlaza & Janés,
_c1984.
300 _a220 p. ;
_c18 cm.
490 1 _aEl ave fénix ;
_v37
700 1 _aPayarols, Francisco.
_989715
700 1 _aOliver Brachfeld, F.
_986832
740 0 2 _aTonio Kröger.
830 0 _aEl ave fénix ;
_v37
_9121026
852 _aES-MaACL
_jL-30545
_z. - Donat. Miguel A. Velasco
999 _c185828
_d185828